[Event "FICGS rapid D 000072 email"]
[Site "FICGS email"]
[Date "2012.11.06"]
[Round "1"]
[White "Argibay, Jorge"]
[Black "Hancock, Sarah"]
[Result "0-1"]
[WhiteElo "1485"]
[BlackElo "1614"]
[PlyCount "24"]
[EventDate "2012.??.??"]
[EventType "tourn (rapid)"]
[EventRounds "5"]
[SourceTitle "Corr 2022"]
[Source "ChessBase"]
[SourceDate "2021.10.24"]
[SourceVersion "1"]
[SourceVersionDate "2021.10.24"]
[SourceQuality "1"]

1. d4 d5 2. c4 e6 3. Nc3 c5 4. cxd5 exd5 5. Nf3 Nc6 6. g3 Nf6 7. Bg2 Be7 8. 0-0 0-0 9. Bg5 cxd4 10. Nxd4 Be6 11. Nxe6 fxe6 12. Bh3 d4 0-1

[Event "FICGS rapid D 000072 email"]
[Site "FICGS email"]
[Date "2012.11.06"]
[Round "1"]
[White "Leurette, Marc Antoine"]
[Black "Argibay, Jorge"]
[Result "1-0"]
[WhiteElo "1326"]
[BlackElo "1485"]
[PlyCount "23"]
[EventDate "2012.??.??"]
[EventType "tourn (rapid)"]
[EventRounds "5"]
[SourceTitle "Corr 2022"]
[Source "ChessBase"]
[SourceDate "2021.10.24"]
[SourceVersion "1"]
[SourceVersionDate "2021.10.24"]
[SourceQuality "1"]

1. e4 c6 2. d4 d5 3. Nc3 dxe4 4. Nxe4 Nd7 5. Be3 Ngf6 6. Nxf6+ Nxf6 7. Nf3 Qa5+ 8. Qd2 Qxd2+ 9. Bxd2 Bf5 10. c3 h5 11. Ng5 e6 12. Bc4 1-0

[Event "FICGS class D 000188 email"]
[Site "FICGS email"]
[Date "2012.10.23"]
[Round "1"]
[White "Argibay, Jorge"]
[Black "Krakovsky, Peter"]
[Result "0-1"]
[WhiteElo "1485"]
[BlackElo "1561"]
[PlyCount "38"]
[EventDate "2012.??.??"]
[EventType "tourn (corr)"]
[EventRounds "6"]
[SourceTitle "Corr 2022"]
[Source "ChessBase"]
[SourceDate "2021.10.24"]
[SourceVersion "1"]
[SourceVersionDate "2021.10.24"]
[SourceQuality "1"]

1. d4 d5 2. c4 c6 3. Nf3 dxc4 4. e3 Be6 5. Qc2 Nf6 6. Bxc4 Bxc4 7. Qxc4 e6 8. Nc3 Be7 9. e4 b5 10. Qd3 0-0 11. 0-0 b4 12. e5 bxc3 13. exf6 Bxf6 14. bxc3 c5 15. Ba3 Nd7 16. dxc5 Rc8 17. Qe3 Re8 18. Rad1 Qc7 19. Nd4 Nxc5 0-1

[Event "FICGS class C 000159 email"]
[Site "FICGS email"]
[Date "2010.10.12"]
[Round "1"]
[White "Argibay, Jorge"]
[Black "Gonen, Barak"]
[Result "0-1"]
[WhiteElo "1700"]
[BlackElo "1800"]
[PlyCount "28"]
[EventDate "2010.??.??"]
[EventType "tourn (corr)"]
[EventRounds "6"]
[SourceTitle "Corr 2013"]
[Source "ChessBase"]
[SourceDate "2012.11.12"]
[SourceVersion "1"]
[SourceVersionDate "2012.11.12"]
[SourceQuality "1"]

1. d4 c5 2. d5 e5 3. e4 d6 4. Nc3 Be7 5. Bb5+ Nd7 6. a4 a6 7. Bd3 Rb8 8. Nf3 Ngf6 9. Be3 Nf8 10. 0-0 Ng6 11. h3 Bd7 12. a5 0-0 13. Be2 Ne8 14. Re1 f5 0-1